Understanding ethics for nursing students

Sábháilte in:
Sonraí bibleagrafaíochta
Príomhchruthaitheoir: ELLIS, Peter
Formáid: LEABHAR
Teanga:Béarla
Foilsithe / Cruthaithe: Learning Matters, 2017
Clibeanna: Cuir clib leis
Níl clibeanna ann, Bí ar an gcéad duine le clib a chur leis an taifead seo!

MARC

LEADER 00000nam a22000007a 4500
008 210427b ||||| |||| 00| 0 eng d
020 |a 978-1-4739-9789-9 
100 |a ELLIS, Peter. 
245 |a Understanding ethics for nursing students  |c Peter Ellis  |e (Transforming nursing practice).  |g ix, 162p. 
250 |b 2nd ed. 
260 |b  Learning Matters,   |c 2017  |h London:  |i 693323  |i 693324   |l RT85 El5  |m Nursing ethics.  |m Nursing ethics – Study and teaching. 
500 |a “It includes references and index” 
942 |a lcc  |c BK  |e Adeniran F. A  |f 27/04/2021 
952 |0 0  |1 0  |2 lcc  |4 0  |6 RT0085 E L5  |7 0  |9 2330  |a HOL  |b HE  |c QZ  |d 2021-04-27  |l 0  |o RT85 El5  |p 2021-6184  |r 2021-04-27 00:00:00  |w 2021-04-27  |y BK 
952 |0 0  |1 0  |2 lcc  |4 0  |6 RT0085 E L5  |7 0  |9 2331  |a HOL  |b HOL  |c QZ  |d 2021-04-27  |l 0  |o RT85 El5  |p 2021-6185  |r 2021-04-27 00:00:00  |w 2021-04-27  |y BK 
999 |c 1201  |d 1201